Derecho eléctrico
Saved in:
| Hovedforfatter: | |
|---|---|
| Format: | Bog |
| Sprog: | spansk |
| Udgivet: |
Santiago
Jurídica de Chile
2004
|
| Udgivelse: | 1a. ed |
| Fag: | |
| Tags: |
Tilføj Tag
Ingen Tags, Vær først til at tagge denne postø!
|
MARC
| LEADER | 00000nam a2200000 a 4500 | ||
|---|---|---|---|
| 001 | UCK0948 | ||
| 003 | CL-VaPUC | ||
| 008 | 041029e20040000CL |||||||||||||||||spa|d | ||
| 020 | |a 9561015625 | ||
| 082 | 0 | 4 | |a 346.83046 |b VER |2 21 |
| 100 | 0 | |a Vergara Blanco, Alejandro |e author |9 488742 | |
| 245 | 1 | 0 | |a Derecho eléctrico |
| 250 | |a 1a. ed | ||
| 300 | |a 439 p | ||
| 942 | |c BK | ||
| 945 | |d 20041029 00:00:00 |a cmena | ||
| 260 | |a Santiago |b Jurídica de Chile |c 2004 | ||
| 650 | 0 | |a Derecho civil chileno |9 320612 | |
| 650 | 0 | |a Energía eléctrica |9 256678 | |
| 650 | 7 | |a CONCESIONES |2 CL-VaPUC |9 259108 | |
| 650 | 0 | |a Propiedad |9 255268 | |
| 650 | 0 | |a Naturaleza jurídica |9 371885 | |
| 650 | 0 | |a Distribución de energía eléctrica |9 260221 | |
| 650 | 0 | |a Contratos |9 255153 | |
| 583 | |a last modification |c 20140409 05:42:48 |k Rodrigo Vera | ||
| 999 | |c 311095 |d 311093 | ||
| 952 | |0 0 |1 0 |4 0 |6 346_830460000000000_VER_2004 |7 0 |8 A |9 380313 |a BIBDER |b BIBDER |d 2019-11-21 |i 407422K |o 346.83046 VER 2004 |p 407422K |r 2023-01-25 |w 2019-11-21 |y BK |k DER | ||
| 952 | |0 0 |1 0 |4 0 |6 346_830460000000000_VER_2004 |7 0 |8 A |9 380314 |a BIBDER |b BIBDER |d 2019-11-21 |i 437388K |l 1 |o 346.83046 VER 2004 |p 437388K |r 2024-05-09 |s 2024-05-02 |w 2019-11-21 |y BK |k DER | ||